NFL Team with the most touchdowns per season. - Statistics

General Stats
  • This quiz has been taken 12 times
  • The average score is 15 of 60
Answer Stats
Year Team % Correct
2023 San Francisco 49ers
90%
2020 Green Bay Packers
50%
2014 Denver Broncos
40%
2013 Denver Broncos
40%
2014 Green Bay Packers
40%
2011 Green Bay Packers
40%
2022 Kansas City Chiefs
40%
2018 Kansas City Chiefs
40%
2023 Miami Dolphins
40%
2012 New England Patriots
40%
2010 New England Patriots
40%
2007 New England Patriots
40%
2016 Atlanta Falcons
30%
2019 Baltimore Ravens
30%
2015 Carolina Panthers
30%
2021 Dallas Cowboys
30%
1996 Green Bay Packers
30%
2004 Indianapolis Colts
30%
2009 New Orleans Saints
30%
2017 Philadelphia Eagles
30%
1995 San Francisco 49ers
30%
1994 San Francisco 49ers
30%
1993 San Francisco 49ers
30%
1992 San Francisco 49ers
30%
1987 San Francisco 49ers
30%
2001 St. Louis Rams
30%
2000 St. Louis Rams
30%
1999 St. Louis Rams
30%
1991 Buffalo Bills
20%
1990 Buffalo Bills
20%
1988 Cincinnati Bengals
20%
2003 Kansas City Chiefs
20%
2002 Kansas City Chiefs
20%
1986 Miami Dolphins
20%
1984 Miami Dolphins
20%
1998 Minnesota Vikings
20%
2008 New Orleans Saints
20%
1977 Oakland Raiders
20%
1974 Oakland Raiders
20%
1972 Oakland Raiders
20%
2006 San Diego Chargers
20%
2005 Seattle Seahawks
20%
1983 Washington Redskins
20%
1976 Baltimore Colts
10%
1975 Buffalo Bills
10%
1989 Cincinnati Bengals
10%
1980 Dallas Cowboys
10%
1978 Dallas Cowboys
10%
1977 Dallas Cowboys
10%
1973 Dallas Cowboys
10%
1971 Dallas Cowboys
10%
1997 Denver Broncos
10%
1970 Detroit Lions
10%
1972 Miami Dolphins
10%
1979 Pittsburgh Steelers
10%
1985 San Diego Chargers
10%
1982 San Diego Chargers
10%
1981 San Diego Chargers
10%
1979 San Diego Chargers
10%
1970 San Francisco 49ers
10%
No matching quizzes found
Score Distribution
Percent of People with Each Score
Percentile by Number Answered
Your Score History
You have not taken this quiz